| 000 | 00762nam a22002177a 4500 | ||
|---|---|---|---|
| 999 |
_c157631 _d157631 |
||
| 005 | 20180922130630.0 | ||
| 010 | _aENG-124025 | ||
| 020 |
_c795.00 _a9788183821131 |
||
| 035 | _aEN-107557 | ||
| 037 | _bDBAD/PUB | ||
| 082 | _a270.61 | ||
| 100 | _aNilofer Ahmad | ||
| 245 |
_aHuman rights in islam / _cby Nilofer Ahmad; Majdood Ahmad [and] Nurin Ahmad |
||
| 260 |
_aNew Delhi _c2014 _bLotus Press |
||
| 270 |
_bNew Delhi _a4263/3, Ansari Raod, Darya Ganj, _e110002 |
||
| 300 |
_axvii,284p. _c21(pbk.) |
||
| 500 | _aIt includes Annexure 1 : Universla Islamic Declaration of Human Rights, Glossary of Arabic Terms, Abbreviations Used, Bibliography | ||
| 700 | _aMajdood Ahmad | ||
| 700 | _aNurin Ahmad | ||
| 942 |
_2ddc _cEN _h270.61 _mNIL |
||